| 000 | 00619nam a2200205 a 4500 | ||
|---|---|---|---|
| 001 | 000023213 | ||
| 005 | 20200930022050.0 | ||
| 008 | 101130s1999 mx r 000 p spa d | ||
| 020 | _a970183724X | ||
| 040 |
_aDO-SdBNP _bspa _cBNPHU |
||
| 082 |
_aM862.44 _bT312h |
||
| 100 | 1 |
_aTenorio, Miguel Ángel, _947792 |
|
| 245 | 1 | 0 |
_aEl hombre del sureste / _cMiguel Ángel Tenorio. |
| 260 |
_aMéxico : _bInstituto Politécnico Nacional, _c1999. |
||
| 300 |
_a97,[1] p. ; _c19 cm. |
||
| 504 | _aBibliografías: p. 95. | ||
| 650 | 4 |
_aTeatro mexicano _917662 |
|
| 650 | 4 |
_aLiteratura mexicana _ySIGLO XX _99216 |
|
| 049 | _aBNGR | ||
| 999 |
_c22710 _d22710 |
||